| LEADER | 00927Ccm#a2200301#a#4500 | ||
|---|---|---|---|
| 001 | 027577 | ||
| 005 | 20250214143732.0 | ||
| 008 | 150528s19uu||||it wzd#f## | |#|ita#d | ||
| 040 | |a AR-BeUNQ |b spa | ||
| 048 | |a ka |b vn | ||
| 082 | 0 | 4 | |a 784.18846 |2 21 |
| 100 | 1 | |a Arditi, Luigi. | |
| 245 | 0 | 0 | |a L'incantatrice : |b valzer cantabile per canto e pianoforte |c parole di P. Mazzoni ; musica di Luigi Arditi. |
| 260 | |a Milano : |b G. Ricordi, |c [19--] | ||
| 300 | |a 1 partitura vocal (11 p.) ; |c 34 cm. | ||
| 500 | |a Letra en italiano. | ||
| 500 | |a Acompañado de una hoja con la letra. | ||
| 942 | |c PAR |n 0 | ||
| 650 | 7 | |a Música |2 spines | |
| 650 | 7 | |a Canciones |2 ttll | |
| 651 | 7 | |a Italia |2 spines | |
| 653 | |a Voz | ||
| 653 | |a Piano | ||
| 653 | |a Vals | ||
| 653 | |a Partituras | ||
| 700 | 1 | |a Mazzoni, P, |e autor de la letra |4 lyr | |
| 929 | |a DONACION |b Adolfo Lamedica |d 0 |e 20150401 |g 2784 Exp. 827-0387/98 |j 53008 | ||
| 999 | |c 426 |d 75813 | ||